Arab League Members Quiz Stats

 Plays Quiz Updated Nov 27, 2018

     
Support Sporcle.
Go Orange.
Score 0/22 Timer 05:00
7 Plays Today
Year Member % Correct
1945Iraq
96.8%
1945Saudi Arabia
96.4%
1945Egypt
94.9%
1971UAE
91.7%
1945Yemen
91.6%
1945Syria
90.1%
1945Jordan
89.4%
1971Oman
89.3%
1945Lebanon
85.3%
1961Kuwait
84.6%
1956Libya
82.9%
Year Member % Correct
1958Morocco
82.9%
1971Qatar
82.5%
1962Algeria
80.6%
1956Sudan
78.9%
1958Tunisia
77.1%
1971Bahrain
72.5%
1974Somalia
67.8%
1976Palestine
56.9%
1977Djibouti
54.2%
1973Mauritania
44.1%
1993Comoros
24.2%

From the Vault

Firefly Theme Song Lyrics

by GoBlue

That's a gorram good song.
Remove Ads.
Support Sporcle.
Get the best of Sporcle when you Go Orange. This ad-free experience offers more features, more stats, and more fun while also helping to support Sporcle. Thank you for becoming a member.

Show Comments

Extras

Top Quizzes Today


Score Distribution

Your Account Isn't Verified!

In order to create a playlist on Sporcle, you need to verify the email address you used during registration. Go to your Sporcle Settings to finish the process.

Report this User

Report this user for behavior that violates our Community Guidelines.

Details: